000 00430pab a2200169 454500
008 180718b2017 xxu||||| |||| 00| 0 eng d
100 _aRaghavan, Hema
245 _aNeo-liberalism: its impact on education and the role of teachers today
260 _c2017
300 _ap.3-6.
362 _a4 Sep
650 _aTeacher role
650 _aEducation
650 _aLiberalism
773 _aUniversity News
909 _a116084
999 _c116078
_d116078